| 000 | 00464cam a22001097a 4500 | ||
|---|---|---|---|
| 008 | 180718b1983 xxu||||| |||| 00| 0 eng d | ||
| 082 | _aB136 In8 | ||
| 100 | _aInternational Labour Office. Advisory Committee on rural development (10th: 1983, Geneva) | ||
| 245 | _aAdvisory committee on rural development, 22 November to 1 December 1983 (review of ILO rural development activities since 1979) | ||
| 260 |
_aGeneva _bInternational Labour Office _c1983 |
||
| 300 | _a61+p. | ||
| 999 |
_c488772 _d488772 |
||